000 00464nam a2200181Ia 4500
005 20250508162748.0
008 008 250505s9999 xx 000 0 eng d
037 _aReference
040 _aFEDL
_beng
_cFEDL
041 _aeng
_2eng
084 _a372.58, UNE
_qFEDL
245 0 _aInternational yearbook of education Vol. 42
245 0 _cUNESCO
260 _c1990
300 _a163P.
942 _cREF
_h372.58, UNE
999 _c1378554
_d1378554